00421nam a22001337a 4500003000700000005001700007008004100024082002900065100005000094245006000144260004900204300000800253650002600261MPLRDC20220104143338.0210129b ||||| |||| 00| 0 eng d a051.5 K1GS 1949-1952 c.3 a雪兰莪州立高师同学会编辑委员会 a雪兰莪州立高师班同学会纪念刊. 1949-1952c ab雪兰莪州立高师班同学人会c1953 b平 a学术纪要、学刊